|
|
|
|
| LEADER |
00000nab a22000001a 4500 |
| 001 |
vtls010314452 |
| 003 |
SK-MaSNL |
| 005 |
20260303091311.0 |
| 008 |
110928d19300926xo |r|p|||| |000 b|slo |
| 015 |
|
|
|a SNBRRBVU1918-1938
|
| 038 |
|
|
|a SNKBUCL
|
| 040 |
|
|
|a SNKBUVU
|b slo
|c SNKBUCL
|e AACR2
|
| 041 |
0 |
|
|a slo
|
| 044 |
|
|
|a xo
|c SK
|
| 080 |
|
|
|a 730.071.1:061.4
|2 1997
|
| 100 |
1 |
|
|a Baník, Anton Augustín,
|d 1900-1978
|4 aut
|9 119477
|
| 245 |
1 |
0 |
|a Slovenskou povinnosťou by mala byť hojná návšteva uprkovskej výstavy v Hodoníne
|c Ant. Aug. Baník
|
| 600 |
1 |
7 |
|a Uprka, Franta,
|d 1868-1929
|2 MM
|9 131475
|
| 648 |
|
7 |
|a 1930
|2 MM
|9 288294
|
| 650 |
0 |
7 |
|a české sochárstvo
|2 MM
|9 3045
|
| 650 |
0 |
7 |
|a výstavy
|2 MM
|9 2780
|
| 651 |
|
7 |
|a Hodonín (Česko)
|2 MM
|9 73953
|
| 773 |
0 |
|
|t Slovák
|g Roč. 12, č. 219 (26.9.1930), s. 4
|
| 852 |
|
|
|a SNK
|b KIS3GCP
|
| 910 |
|
|
|a snkrbvumm
|
| 958 |
|
|
|a VY
|
| 999 |
|
|
|c 1806994
|d 1808924
|